banner-ar

VOCABULAIRE DE L'ANGLIS D'AUJOURD'HUI / (Record no. 24712)

MARC details
000 -الفاتح
حقل البيانات ثابتة الطول 00532nam a2200205Ia 4500
008 - عناصر البيانات ثابتة الطول - معلومات عامة
حقل البيانات ثابتة الطول 140319s9999 xx 000 0 eng d
040 ## - مصدر الفهرسة
وكالة الفهرسة الأصلية GCL /
وكالة النسخ GCL
082 04 - رقم تصنيف ديوى العشرى
رقم التصنيف 443.21
رقم المادة P V
100 1# - المدخل الرئيسى - إسم شخصى
الإسم الشخصى PATEAU, ANNE-MARIE
245 10 - بيان العنوان
العنوان VOCABULAIRE DE L'ANGLIS D'AUJOURD'HUI /
بيان المسئوليه,etc PATEAU, ANNE-MARIE
700 1# - المدخل الاضافى - اسم شخصى
الإسم الشخصى BARRIE, BILL
260 ## - PUBLICATION, DISTRIBUTION, ETC. (IMPRINT)
تاريخ النشر أو التوزيع 1995
300 ## - الوصف المادى
التعداد 378 P
650 04 - المدخل الاضافى بالموضوع-مصطلح موضوعى
مصطلح موضوعي DICTIONARIES
650 04 - المدخل الاضافى بالموضوع-مصطلح موضوعى
مصطلح موضوعي FRENCH
650 04 - المدخل الاضافى بالموضوع-مصطلح موضوعى
مصطلح موضوعي ENGLISH - FRENCH
650 04 - المدخل الاضافى بالموضوع-مصطلح موضوعى
مصطلح موضوعي LANGUAGES
942 ## - عناصر المدخل الإضافي( كوها)
مصدر التصنيف او مخطط الترفيف Dewey Decimal Classification
Koha [default] item type كتاب
260 ## - PUBLICATION, DISTRIBUTION, ETC. (IMPRINT)
-- [S.N] :
-- LE LIVRE DE POCHE ،
Holdings
حالة التراجع حالة الفقد حالة تلف ليس للاعارة المكان المؤقت الموقع الحالى تاريخ الاكتساب اجمالي اﻻعارات رقم الطلب الباركود تاريخ اخر مشاهدة تاريخ تفعيل السعر نوع وعاء كوها
        مكتبة القاهرة الكبرى مكتبة القاهرة الكبرى 03/26/2014   443.21\P V 43776 03/26/2014 03/26/2014 كتاب

Powered By

EGPV